La patria del tico : interpretación del ser costarricense /
Guardat en:
| Autor principal: | |
|---|---|
| Altres autors: | |
| Format: | Desconegut |
| Idioma: | Spanish |
| Publicat: |
México :
Editorial Antares Editores Mexicanos Unidos,
1995.
|
| Matèries: | |
| Etiquetes: |
Afegir etiqueta
Sense etiquetes, Sigues el primer a etiquetar aquest registre!
|
MARC
| LEADER | 000000000a22000000004500 | ||
|---|---|---|---|
| 001 | 002196 | ||
| 008 | 171116b xxu||||| |||| 00| 0 spa d | ||
| 041 | 0 | |a spa | |
| 082 | 0 | 4 | |a 172 |b G643p |
| 100 | 1 | |a González Dobles, Jaime, |d 1938- | |
| 245 | 1 | 3 | |a La patria del tico : |b interpretación del ser costarricense / |c Jaime González Dobles. |
| 260 | |a México : |b Editorial Antares Editores Mexicanos Unidos, |c 1995. | ||
| 300 | |a 188 páginas | ||
| 500 | |a Número de inscripción 05566 | ||
| 650 | 4 | |a COSTA RICA | |
| 650 | 4 | |a CARACTERISTICAS NACIONALES COSTARRICENSES | |
| 650 | 4 | |a PATRIOTISMO | |
| 700 | 1 | 2 | |a Mora Rodríguez, Arnoldo |e presentador |
| 942 | |2 ddc |c BK | ||
| 999 | |c 3062 |d 3062 | ||
